| 000 | 00535nam a2200169 i 4500 | ||
|---|---|---|---|
| 001 | 99659 | ||
| 003 | ES-MaACL | ||
| 005 | 20230906182532.0 | ||
| 007 | t| | ||
| 008 | 050914s1973 sp ||||1| spa d | ||
| 100 | 1 |
_aMartínez Alvarez de Sotomayor, José. _977851 |
|
| 245 | 1 | 0 |
_aObra completa _b: (Poesías y Teatro) / _cJosé María Martínez Alvarez de Sotomayor. |
| 260 |
_aAlmería : _bLibrería Mary-Reyes, _c1973. |
||
| 300 |
_a1454 p., 1 lám. ; _c19 cm. |
||
| 500 | _aGrab. ret. aut. | ||
| 852 |
_aES-MaACL _jC-56070 _bR.88702 |
||
| 999 |
_c99659 _d99659 |
||